Statistics for Top 15 Celebrities Born In 1948

Click here to take the quiz!

General Stats

  • This quiz has been taken 132 times
    (79 since last reset)
  • The average score is 5 of 15

Answer Stats

Answer% Correct
Prince Charles
90%
Samuel L. Jackson
87%
Ozzy Osbourne
77%
Alice Cooper
49%
Kathy Bates
46%
Olivia Newton-John
33%
Richard Simmons
26%
Rhea Perlman
23%
Robert Plant
16%
Stevie Nicks
16%
Donna Summer
10%
Kenny Loggins
8%
John Carpenter
7%
Pam Ferris
5%
S.E. Hinton
5%

Score Distribution

Percentile by Number Answered

Percent of People with Each Score

Your Score History

You have not taken this quiz since the last reset